[Event "Int. Stuttgarter Stadtmeisterschaft A"]
[Site "Ditzingen"]
[Date "2014.05.29"]
[Round "2.31"]
[White "Andreev, Vlad"]
[Black "Zeh, Dominik"]
[Result "1/2-1/2"]
[WhiteElo "2046"]
[BlackElo "1934"]
[PlyCount "101"]
[EventDate "2014.??.??"]
[WhiteTeam "SF Pfullingen"]
[BlackTeam "Stuttgarter SF 1879"]

1. d4 Nf6 2. c4 e6 3. Nc3 Bb4 4. g3 d5 5. Bg2 c6 6. Nf3 Nbd7 7. Qb3 Bd6 8. O-O
O-O 9. e4 Nxe4 10. Nxe4 dxe4 11. Ng5 Nf6 12. Nxe4 Nxe4 13. Bxe4 Be7 14. Be3 Bf6
15. Rad1 Qc7 16. d5 exd5 17. cxd5 cxd5 18. Bxd5 Bf5 19. Rc1 Qe5 20. Bc5 Rfd8
21. Bxb7 Rd3 22. Rc3 Rxc3 23. bxc3 Rd8 24. Bd4 Qe6 25. Qxe6 Bxe6 26. Bxf6 gxf6
27. a4 Rb8 28. Be4 Rc8 29. Rc1 f5 30. Bd3 Kg7 31. Kf1 Kf6 32. f4 Bc4 33. Be2
Ke6 34. Re1 Kf6 35. Rb1 Bxe2+ 36. Kxe2 Rc4 37. Rb4 Rxc3 38. Rb7 Rc2+ 39. Ke3
Rxh2 40. Rxa7 Rg2 41. Kf3 Ra2 42. a5 Ra3+ 43. Kg2 Ra2+ 44. Kh3 Ra1 45. Ra8 Ra2
46. a6 Ra1 47. g4 Ra3+ 48. Kh4 fxg4 49. Kxg4 h5+ 50. Kxh5 Kf5 51. Kh6 1/2-1/2

[Event "Int. Stuttgarter Stadtmeisterschaft A"]
[Site "Ditzingen"]
[Date "2014.05.29"]
[Round "2.32"]
[White "Litfin, Boris"]
[Black "Flick, Antoine"]
[Result "0-1"]
[WhiteElo "1925"]
[BlackElo "2045"]
[PlyCount "62"]
[EventDate "2014.??.??"]
[WhiteTeam "SC Emmendingen 1937 e.V."]

1. e4 c5 2. c3 d5 3. exd5 Qxd5 4. d4 g6 5. Nf3 Bg7 6. Na3 cxd4 7. Bc4 Qe4+ 8.
Be3 Nh6 9. cxd4 O-O 10. Bd3 Qg4 11. O-O Nc6 12. h3 Qh5 13. Be2 Qa5 14. Nc4 Qd5
15. Rc1 Nf5 16. Re1 Be6 17. Bf1 Ncxd4 18. Nxd4 Nxd4 19. Bf4 Nc6 20. Qe2 Rfd8
21. Bc7 Rd7 22. Red1 Nd4 23. Qe3 Rxc7 24. Nb6 Rxc1 25. Nxd5 Rxd1 26. Nc3 Ra1
27. g4 Bc4 28. b3 Bxf1 29. Kh2 Re1 30. Qg3 g5 31. Nd5 e6 0-1

[Event "Int. Stuttgarter Stadtmeisterschaft A"]
[Site "Ditzingen"]
[Date "2014.05.29"]
[Round "2.33"]
[White "Schuster, Gerhard"]
[Black "Klaus, Dominik"]
[Result "0-1"]
[WhiteElo "2045"]
[BlackElo "1931"]
[PlyCount "114"]
[EventDate "2014.??.??"]
[WhiteTeam "SC Feuerbach e. V."]
[BlackTeam "Ssg Fils-Lauter e. V."]

1. e4 c5 2. Nf3 d6 3. Bb5+ Bd7 4. a4 g6 5. O-O Bg7 6. Re1 Nf6 7. Nc3 O-O 8. d3
Nc6 9. h3 Nd4 10. Bc4 Bc6 11. Bg5 e6 12. Nxd4 cxd4 13. Ne2 Qb6 14. Qd2 a5 15.
Qf4 d5 16. Bxf6 dxc4 17. e5 Qxb2 18. Nxd4 cxd3 19. Nxc6 bxc6 20. cxd3 Rab8 21.
Bxg7 Kxg7 22. Rac1 Rb4 23. Qf6+ Kg8 24. Rxc6 Rxa4 25. Re3 Rb4 26. h4 Qd4 27. h5
Qh4 28. Rh3 Qxf6 29. exf6 Ra8 30. hxg6 hxg6 31. Rc4 Rxc4 32. dxc4 a4 33. Ra3
Kh7 34. Rh3+ Kg8 35. Ra3 g5 36. Kf1 Kh7 37. Ke2 Kg6 38. Kd3 Kxf6 39. Kc3 Ke5
40. Ra2 a3 41. Kb4 Kd4 42. Rd2+ Ke5 43. Kb3 Ra5 44. Ka2 f5 45. Re2+ Kd4 46.
Rxe6 Kxc4 47. g4 f4 48. f3 Kd3 49. Re8 Kd2 50. Re4 Rd5 51. Kxa3 Rd3+ 52. Kb4
Rxf3 53. Re5 Rg3 54. Rxg5 f3 55. Rf5 Rxg4+ 56. Kc5 Ke3 57. Kd6 Rf4 0-1

[Event "Int. Stuttgarter Stadtmeisterschaft A"]
[Site "Ditzingen"]
[Date "2014.05.29"]
[Round "2.34"]
[White "Gibicar, Marc"]
[Black "Schumann, Kai"]
[Result "1-0"]
[WhiteElo "1917"]
[BlackElo "2044"]
[PlyCount "73"]
[EventDate "2014.??.??"]
[BlackTeam "SG Königskinder Hohentübingen e."]

1. d4 Nf6 2. Nf3 d5 3. g3 Bf5 4. Bg2 e6 5. O-O Be7 6. c4 O-O 7. Nc3 c6 8. b3
Nbd7 9. Bb2 Ne4 10. Nd2 Nxd2 11. Qxd2 dxc4 12. e4 Bg6 13. bxc4 e5 14. d5 Bb4
15. Qe2 Qa5 16. Nd1 Rfe8 17. h4 h6 18. h5 Bh7 19. Ne3 Nf6 20. Ng4 Nxg4 21. Qxg4
Ba3 22. Rab1 Re7 23. Rfd1 Bxb2 24. Rxb2 Qc3 25. Rdb1 Qxc4 26. d6 f5 27. Qd1 Rd7
28. Rxb7 Rad8 29. Rxd7 Rxd7 30. exf5 Bxf5 31. Rc1 Qd4 32. Qb3+ Kh7 33. Rd1 Qc5
34. Qb8 Qc2 35. Re1 Qc5 36. Qf8 Be6 37. Be4+ 1-0

[Event "Int. Stuttgarter Stadtmeisterschaft A"]
[Site "Ditzingen"]
[Date "2014.05.29"]
[Round "2.35"]
[White "Bissbort, Julian"]
[Black "Klaus, Daniel"]
[Result "1-0"]
[WhiteElo "2042"]
[BlackElo "1921"]
[PlyCount "79"]
[EventDate "2014.??.??"]
[WhiteTeam "Heilbronner SV"]
[BlackTeam "SF Möglingen 1976"]

1. e4 c5 2. c3 d5 3. exd5 Qxd5 4. d4 Nc6 5. Nf3 cxd4 6. cxd4 Bg4 7. Be2 e6 8.
h3 Bf5 9. Nc3 Qd6 10. O-O Nf6 11. a3 Be7 12. Qb3 O-O 13. Qxb7 Na5 14. Qb5 Bd8
15. Qa4 Rc8 16. Ne5 Qb6 17. Bd1 Bc7 18. Re1 Rfd8 19. Nb5 Bxe5 20. dxe5 Rxd1 21.
Qxd1 Qxb5 22. exf6 Nb3 23. Be3 Nxa1 24. Qxa1 gxf6 25. Bxa7 Qb7 26. Be3 Rc2 27.
b4 e5 28. Qd1 Qc7 29. Qf3 Qd7 30. g4 Bg6 31. Qxf6 Qe6 32. Qxe6 fxe6 33. a4 Rc4
34. Bc5 e4 35. a5 Be8 36. Rd1 Kf7 37. Rd6 Rc1+ 38. Kh2 Bb5 39. a6 Ra1 40. a7
1-0

[Event "Int. Stuttgarter Stadtmeisterschaft A"]
[Site "Ditzingen"]
[Date "2014.05.29"]
[Round "2.36"]
[White "Dölker, Kai"]
[Black "Cerasi, Umberto"]
[Result "0-1"]
[WhiteElo "1907"]
[BlackElo "2019"]
[PlyCount "56"]
[EventDate "2014.??.??"]
[WhiteTeam "SV Stuttgart-Wolfbusch 1956 e.V."]

1. f4 Nf6 2. Nf3 d6 3. b3 g6 4. Bb2 Bg7 5. e4 O-O 6. e5 Nfd7 7. d4 c5 8. c3 Qa5
9. Nbd2 cxd4 10. Nc4 Qc7 11. cxd4 dxe5 12. fxe5 f6 13. Rc1 Qd8 14. Qc2 Nc6 15.
a3 fxe5 16. Ncxe5 Ndxe5 17. dxe5 Kh8 18. Bd3 Qb6 19. Rf1 Bg4 20. e6 Qe3+ 21.
Be2 Qxe6 22. Bxg7+ Kxg7 23. Ng5 Rxf1+ 24. Kxf1 Qf6+ 25. Nf3 Nd4 26. Qc3 Rc8 27.
Qxc8 Bxc8 28. Rxc8 Nxe2 0-1

[Event "Int. Stuttgarter Stadtmeisterschaft A"]
[Site "Ditzingen"]
[Date "2014.05.29"]
[Round "2.37"]
[White "Quernheim, Daniel"]
[Black "Streicher, Traugott"]
[Result "1-0"]
[WhiteElo "2013"]
[BlackElo "1920"]
[PlyCount "41"]
[EventDate "2014.??.??"]
[WhiteTeam "SC Schachmatt Botnang"]
[BlackTeam "TSG Steinheim"]

1. d4 Nf6 2. c4 c5 3. d5 b5 4. cxb5 a6 5. f3 g6 6. e4 d6 7. Na3 Bg7 8. Ne2 O-O
9. Nc3 e6 10. Bc4 axb5 11. Naxb5 Nxd5 12. Bxd5 exd5 13. Qxd5 Ra6 14. O-O Be6
15. Qg5 Bf6 16. Qg3 Nc6 17. Bh6 Re8 18. Qxd6 Qa5 19. Rfd1 Nd4 20. Qf4 Bh8 21.
Nc7 1-0

[Event "Int. Stuttgarter Stadtmeisterschaft A"]
[Site "Ditzingen"]
[Date "2014.05.29"]
[Round "2.38"]
[White "Schmidt, Markus"]
[Black "Severin, Andreas"]
[Result "0-1"]
[WhiteElo "1904"]
[BlackElo "2008"]
[PlyCount "86"]
[EventDate "2014.??.??"]
[WhiteTeam "Stuttgarter SF 1879"]
[BlackTeam "SV Reutlingen"]

1. e4 c5 2. d3 g6 3. Nd2 Bg7 4. Ngf3 Nc6 5. g3 e6 6. Bg2 Nge7 7. O-O d5 8. Re1
O-O 9. e5 Qc7 10. Qe2 b6 11. Nf1 Nd4 12. Nxd4 cxd4 13. Bf4 Ba6 14. Rad1 Rfc8
15. Rd2 Qc5 16. h4 Qb4 17. Nh2 Qxb2 18. c4 Qa3 19. cxd5 Nxd5 20. Bxd5 exd5 21.
h5 Rc6 22. Qg4 Bc8 23. Qf3 Be6 24. hxg6 hxg6 25. Ng4 Bxg4 26. Qxg4 Re6 27. Kg2
Rae8 28. Rh1 Bxe5 29. Qh3 Bg7 30. Qh7+ Kf8 31. Bh6 Bxh6 32. Rxh6 Ke7 33. Rc2
Qxd3 34. Rc7+ Kd6 35. Qxf7 Qe4+ 36. Kh2 Qf5 37. Qd7+ Ke5 38. f4+ Ke4 39. Qa4
Kf3 40. Qb3+ Re3 41. Qd1+ Re2+ 42. Kg1 Kxg3 43. Qb3+ R8e3 0-1

[Event "Int. Stuttgarter Stadtmeisterschaft A"]
[Site "Ditzingen"]
[Date "2014.05.29"]
[Round "2.39"]
[White "Willems, Sebastian"]
[Black "Baumeister, Jürgen"]
[Result "1/2-1/2"]
[WhiteElo "2006"]
[BlackElo "1895"]
[PlyCount "51"]
[EventDate "2014.??.??"]
[WhiteTeam "SC Böblingen 1975 e.V."]
[BlackTeam "SC Asperg"]

1. c4 e6 2. g3 d5 3. Bg2 c6 4. Nf3 dxc4 5. a4 Bc5 6. O-O Qa5 7. Na3 Bxa3 8.
Rxa3 e5 9. Nxe5 Be6 10. d4 cxd3 11. Nxd3 Nf6 12. b4 Qc7 13. Bf4 Qc8 14. Bd6
Nbd7 15. Nf4 Nb6 16. Rc3 Nbd5 17. Nxd5 Nxd5 18. Bxd5 Bxd5 19. e4 Be6 20. Qd4 f6
21. f4 Bh3 22. Re1 Qe6 23. Qd2 Rd8 24. Rd3 Kf7 25. e5 Rhe8 26. Rc1 1/2-1/2

[Event "Int. Stuttgarter Stadtmeisterschaft A"]
[Site "Ditzingen"]
[Date "2014.05.29"]
[Round "2.40"]
[White "Engelhardt, Frank"]
[Black "Schmidt, Tobias"]
[Result "0-1"]
[WhiteElo "1884"]
[BlackElo "2005"]
[PlyCount "116"]
[EventDate "2014.??.??"]
[WhiteTeam "SC Schachmatt Botnang"]
[BlackTeam "SC Erdmannhausen"]

1. e4 e6 2. d4 d5 3. exd5 exd5 4. Bd3 Nc6 5. Ne2 Bd6 6. Nbc3 Nge7 7. Bg5 f6 8.
Be3 Bf5 9. Ng3 Bxd3 10. Qxd3 Qd7 11. O-O O-O-O 12. a3 h5 13. Nb5 g5 14. Nxd6+
Qxd6 15. Rfe1 Qd7 16. Rac1 h4 17. Ne2 Nf5 18. Nc3 Nce7 19. b3 g4 20. Na4 g3 21.
h3 gxf2+ 22. Bxf2 c6 23. Nc5 Qe8 24. Re6 Qg6 25. Rce1 Rdg8 26. Qf3 Rh7 27. Nd3
Rhg7 28. Nf4 Qf7 29. c4 dxc4 30. bxc4 Kb8 31. d5 Rg5 32. dxc6 Nxc6 33. Rxc6
bxc6 34. Rb1+ Kc7 35. Qb3 Nd6 36. Bxa7 Qxc4 37. Ne6+ Kd7 38. Nxg5 Qxb3 39. Rxb3
fxg5 40. Rd3 Ke6 41. Bc5 Ne4 42. Re3 Kd5 43. Be7 c5 44. Kf1 Kd4 45. Rxe4+ Kxe4
46. Bxc5 Rc8 47. Be7 Kf4 48. Bd6+ Ke3 49. Bb4 Rc1+ 50. Be1 Ra1 51. a4 Rxa4 52.
Bf2+ Kd3 53. g3 g4 54. hxg4 h3 55. Bg1 Ra2 56. g5 Ke4 57. g6 Kf3 58. g7 Ra1#
0-1

[Event "Int. Stuttgarter Stadtmeisterschaft A"]
[Site "Ditzingen"]
[Date "2014.05.29"]
[Round "2.41"]
[White "Gentner, Markus"]
[Black "Altimira, Jordi"]
[Result "1/2-1/2"]
[WhiteElo "2002"]
[BlackElo "1866"]
[PlyCount "76"]
[EventDate "2014.??.??"]
[WhiteTeam "SC Murrhardt 1948 e.V."]
[BlackTeam "SV Rottweil"]

1. Nf3 Nf6 2. c4 e6 3. g3 d5 4. b3 c6 5. Bb2 Nbd7 6. Bg2 Be7 7. O-O O-O 8. d3
Re8 9. Nc3 Bd6 10. e4 dxc4 11. dxc4 Ne5 12. Qc2 Nxf3+ 13. Bxf3 e5 14. Rfd1 Qe7
15. a3 Bg4 16. Bxg4 Nxg4 17. b4 Rad8 18. Qe2 Nf6 19. Bc1 Nd7 20. Be3 a6 21. Rd3
Nf8 22. f4 exf4 23. gxf4 Ne6 24. e5 Bc7 25. Rad1 Qh4 26. Qf3 Rxd3 27. Rxd3 Rd8
28. Rxd8+ Qxd8 29. Qd1 Qxd1+ 30. Nxd1 g6 31. Nc3 f6 32. exf6 Nxf4 33. Ne4 Nh5
34. Bd4 Nf4 35. Kf1 Ne6 36. Bc3 Bxh2 37. c5 Nd8 38. Ng5 Bf4 1/2-1/2

[Event "Int. Stuttgarter Stadtmeisterschaft A"]
[Site "Ditzingen"]
[Date "2014.05.29"]
[Round "2.42"]
[White "Grünert, Thomas"]
[Black "Müller, Anja"]
[Result "0-1"]
[WhiteElo "1868"]
[BlackElo "1967"]
[PlyCount "78"]
[EventDate "2014.??.??"]
[WhiteTeam "SVG Vaihingen/Enz"]
[BlackTeam "SC Ingersheim e.V."]

1. d4 Nf6 2. Nf3 g6 3. Bg5 Bg7 4. Nbd2 d5 5. e3 O-O 6. Bd3 b6 7. Qe2 c5 8. c3
Nbd7 9. e4 dxe4 10. Bxe4 Rb8 11. Bf4 e5 12. dxe5 Nh5 13. Bg5 f6 14. e6 Ne5 15.
Nxe5 fxg5 16. Nc6 Qd6 17. e7 Re8 18. Rd1 Nf4 19. Nc4 Qc7 20. Rd8 Bd7 21. N4e5
Bxe5 22. Qc4+ Be6 23. Rxb8 Rxb8 24. Nxb8 Qxb8 25. Qb5 Bf7 26. Bc6 Bxc3+ 27.
bxc3 Qe5+ 28. Kd2 Qxe7 29. Re1 Qd6+ 30. Kc2 a6 31. Qxa6 Qxc6 32. g3 Ne6 33. Re2
Kg7 34. Qa7 c4 35. Kd2 Qd5+ 36. Ke1 Nc5 37. Re7 Ne4 38. Rd7 Qf5 39. Qxb6 Qxd7
0-1

[Event "Int. Stuttgarter Stadtmeisterschaft A"]
[Site "Ditzingen"]
[Date "2014.05.29"]
[Round "2.43"]
[White "Fahnenschmidt, Gerhard"]
[Black "Martin, Richard"]
[Result "0-1"]
[WhiteElo "1988"]
[BlackElo "1857"]
[PlyCount "86"]
[EventDate "2014.??.??"]
[WhiteTeam "VfL Sindelfingen"]
[BlackTeam "SV Unterkochen"]

1. Nf3 Nf6 2. c4 g6 3. g3 Bg7 4. Bg2 d6 5. O-O O-O 6. Nc3 c6 7. d4 Nbd7 8. b3
e5 9. Bb2 Re8 10. dxe5 dxe5 11. Nd2 e4 12. Qc2 e3 13. Nde4 exf2+ 14. Rxf2 Ng4
15. Rf4 Ne3 16. Qd3 Nxg2 17. Kxg2 Ne5 18. Qxd8 Rxd8 19. Rd1 Bf5 20. Nd6 Bc8 21.
Nxc8 Raxc8 22. Rfd4 Rxd4 23. Rxd4 f5 24. h3 Re8 25. Rd1 Kf7 26. e4 Re7 27. Rf1
Nd3 28. Ba1 Bxc3 29. Bxc3 Rxe4 30. Rd1 Ne5 31. Kf2 Ke8 32. Rd4 Rxd4 33. Bxd4
Nd3+ 34. Ke3 Nc1 35. Bxa7 Nxa2 36. Kd4 Nc1 37. b4 Ne2+ 38. Kc5 Kd7 39. Bb8 g5
40. Kb6 Kc8 41. Be5 f4 42. gxf4 gxf4 43. Kc5 f3 0-1

[Event "Int. Stuttgarter Stadtmeisterschaft A"]
[Site "Ditzingen"]
[Date "2014.05.29"]
[Round "2.44"]
[White "Recker, Martin"]
[Black "Löhr, Markus"]
[Result "0-1"]
[WhiteElo "1858"]
[BlackElo "2248"]
[PlyCount "104"]
[EventDate "2014.??.??"]
[WhiteTeam "SF Freiberg"]
[BlackTeam "SK Schmiden/Cannstatt"]

1. d4 Nf6 2. Nf3 g6 3. c4 Bg7 4. Nc3 d5 5. cxd5 Nxd5 6. e4 Nxc3 7. bxc3 c5 8.
Be2 Nc6 9. Be3 Bg4 10. e5 O-O 11. O-O Qc7 12. h3 Bxf3 13. Bxf3 Rfd8 14. Qa4
Rac8 15. Rab1 e6 16. Rb3 Qd7 17. Bxc6 bxc6 18. Rfb1 Rc7 19. Qa6 cxd4 20. cxd4
c5 21. dxc5 Bxe5 22. Qe2 Qd5 23. a4 Rcd7 24. g3 h5 25. Rb4 Bf6 26. h4 Qc6 27.
Rc4 Rd3 28. Rbc1 Ra3 29. Rd1 Rxd1+ 30. Qxd1 Ra1 31. Rc1 Rxa4 32. Qd6 Ra6 33.
Rd1 Qa4 34. Qd7 Qxd7 35. Rxd7 Kf8 36. c6 Rxc6 37. Rxa7 Be5 38. Bh6+ Ke8 39.
Ra8+ Ke7 40. Bg5+ f6 41. Ra7+ Rc7 42. Rxc7+ Bxc7 43. Be3 Kd6 44. Kg2 Kd5 45. f3
Kc4 46. f4 Kd3 47. Kf3 e5 48. fxe5 fxe5 49. Bg5 e4+ 50. Kg2 e3 51. Bxe3 Kxe3
52. Kh3 Kf3 0-1

[Event "Int. Stuttgarter Stadtmeisterschaft A"]
[Site "Ditzingen"]
[Date "2014.05.29"]
[Round "2.45"]
[White "Steinhart, Christoph"]
[Black "Auterhoff, Jürgen"]
[Result "1-0"]
[WhiteElo "1967"]
[BlackElo "1814"]
[PlyCount "73"]
[EventDate "2014.??.??"]
[WhiteTeam "TSV Schönaich"]
[BlackTeam "SC Pasing von 1948 e.V."]

1. e4 e5 2. Nf3 Nf6 3. Nxe5 d6 4. Nf3 Nxe4 5. Nc3 Nxc3 6. dxc3 Be7 7. Be3 O-O
8. Qd2 Bf5 9. O-O-O Nc6 10. Kb1 Ne5 11. Nd4 Bg6 12. h3 f5 13. Ne6 Qd7 14. Nxf8
Kxf8 15. Qd5 Qc6 16. f4 Bf7 17. Qxc6 Nxc6 18. Bd3 g6 19. g4 fxg4 20. hxg4 Kg7
21. f5 Re8 22. Rh3 Ne5 23. Rdh1 Rh8 24. g5 gxf5 25. Bxf5 Bg6 26. Bxg6 Nxg6 27.
Re1 Rf8 28. Reh1 Rh8 29. a4 a6 30. c4 c5 31. Bd2 Ne5 32. b3 Kg6 33. Rh6+ Kg7
34. Bc3 Bxg5 35. Rxd6 Bf6 36. Rg1+ Kf7 37. Rf1 1-0

[Event "Int. Stuttgarter Stadtmeisterschaft A"]
[Site "Ditzingen"]
[Date "2014.05.29"]
[Round "2.46"]
[White "Viehoff, Jürgen"]
[Black "Cummings, Nicolai"]
[Result "1-0"]
[WhiteElo "1848"]
[BlackElo "1957"]
[PlyCount "95"]
[EventDate "2014.??.??"]
[WhiteTeam "SC Stetten a.d.F."]
[BlackTeam "SC Ingersheim e.V."]

1. d4 d5 2. Nf3 Nf6 3. e3 e6 4. Bd3 c6 5. Nbd2 b5 6. O-O Be7 7. Ne5 O-O 8. f4
Qb6 9. g4 c5 10. c3 Nfd7 11. Qf3 f6 12. Qh3 h6 13. Ng6 Rf7 14. Nxe7+ Rxe7 15.
g5 cxd4 16. cxd4 Nc6 17. Nf3 Nb4 18. Bb1 fxg5 19. fxg5 e5 20. Qh4 e4 21. gxh6
Re6 22. h7+ Kh8 23. Ng5 Rf6 24. Nf7+ Rxf7 25. Rxf7 Qg6+ 26. Qg3 Qxf7 27. Bd2
Nc6 28. Bc2 Nf6 29. Rf1 Be6 30. Be1 Rd8 31. Qg2 Qh5 32. Rf4 Qh3 33. Qe2 Ng4 34.
Bg3 g5 35. Rf1 a6 36. Bd1 Qxh7 37. a4 Ne7 38. axb5 axb5 39. Qxb5 Nxe3 40. Be5+
Kg8 41. Qb6 Nxf1 42. Qxd8+ Kf7 43. Kxf1 Qh3+ 44. Kf2 e3+ 45. Ke1 Qg2 46. Bh5+
Ng6 47. Qf6+ Ke8 48. Qxg6+ 1-0

[Event "Int. Stuttgarter Stadtmeisterschaft A"]
[Site "Ditzingen"]
[Date "2014.05.29"]
[Round "2.47"]
[White "Florio, Antonio"]
[Black "Büter, Norbert"]
[Result "1/2-1/2"]
[WhiteElo "1927"]
[BlackElo "2049"]
[PlyCount "82"]
[EventDate "2014.??.??"]
[WhiteTeam "SV Besigheim"]
[BlackTeam "SpVgg Rommelshausen"]

1. c4 d6 2. g3 Nf6 3. Bg2 g6 4. e4 Bg7 5. Ne2 O-O 6. Nbc3 Nc6 7. O-O e5 8. d3
a6 9. a3 a5 10. Rb1 Bd7 11. h3 Qc8 12. Kh2 Ne7 13. Be3 Nh5 14. g4 Nf6 15. Ng3
c6 16. Na4 Ra6 17. Nb6 Qc7 18. Nxd7 Nxd7 19. f4 exf4 20. Bxf4 c5 21. Qd2 Nc6
22. Bh6 Nde5 23. Bxg7 Kxg7 24. Qg5 Nd7 25. Nh5+ Kh8 26. Nf6 Nxf6 27. Rxf6 Kg7
28. Rbf1 Ne5 29. Qh4 Rb6 30. g5 Nxd3 31. Qh6+ Kg8 32. Kh1 Rxb2 33. h4 Qd7 34.
h5 Ne5 35. hxg6 hxg6 36. Bh3 Qa4 37. Be6 Qc2 38. Bxf7+ Rxf7 39. Rxg6+ Nxg6 40.
Qxg6+ Rg7 41. Qe8+ Kh7 1/2-1/2

[Event "Int. Stuttgarter Stadtmeisterschaft A"]
[Site "Ditzingen"]
[Date "2014.05.30"]
[Round "3.1"]
[White "Kabisch, Thilo"]
[Black "Ivanisevic, Ivan"]
[Result "0-1"]
[WhiteElo "2261"]
[BlackElo "2610"]
[PlyCount "86"]
[EventDate "2014.??.??"]
[WhiteTeam "SK Schmiden/Cannstatt"]

1. e4 c5 2. Nf3 Nc6 3. d4 cxd4 4. Nxd4 Qc7 5. Nc3 e6 6. Be3 a6 7. Be2 b5 8. O-O
Bb7 9. f4 Bc5 10. Qd2 b4 11. Na4 Ba7 12. Bf3 Nge7 13. a3 bxa3 14. Rxa3 O-O 15.
Nb3 d6 16. Bxa7 Rxa7 17. Rd1 Rd8 18. c4 Raa8 19. Qe3 Rab8 20. Rc1 Ng6 21. g3
Nce7 22. h4 Nf8 23. Nd4 Ba8 24. b3 Nd7 25. Ne2 h6 26. Ra2 Nf6 27. Rac2 Bc6 28.
c5 d5 29. Nb6 dxe4 30. Bg2 Rd3 31. Qf2 Ng4 32. Qe1 Ne3 33. Rc3 Nxg2 34. Kxg2
Nf5 35. Kh3 Rbd8 36. b4 Qe7 37. Kh2 Nd4 38. Nxd4 R8xd4 39. Nc4 Qd8 40. R1c2 Rd1
41. Qe3 R1d3 42. Rxd3 exd3 43. Rg2 Qd5 0-1

[Event "Int. Stuttgarter Stadtmeisterschaft A"]
[Site "Ditzingen"]
[Date "2014.05.30"]
[Round "3.2"]
[White "Ikonnikov, Vyacheslav"]
[Black "Ivanov, Stojan Emilov"]
[Result "1-0"]
[WhiteElo "2570"]
[BlackElo "2244"]
[PlyCount "127"]
[EventDate "2014.??.??"]
[WhiteTeam "SF Bad Mergentheim"]

1. d4 d5 2. Nf3 c6 3. c4 e6 4. Qc2 Nd7 5. cxd5 exd5 6. Nc3 Be7 7. Bf4 Ngf6 8.
h3 O-O 9. e3 c5 10. dxc5 Nxc5 11. Be2 Nce4 12. O-O Bf5 13. Nd4 Bg6 14. Nxe4
Nxe4 15. Rfc1 Nxf2 16. Qb3 Bh4 17. Nf3 Be4 18. Rf1 g5 19. Nxh4 gxf4 20. Rxf2
Qxh4 21. Rxf4 Qe7 22. Bf3 Bg6 23. Bxd5 Rae8 24. e4 b6 25. Raf1 Qc5+ 26. Kh1 Re7
27. h4 Qd4 28. Qf3 Qe5 29. Rg4 Kh8 30. Rg5 Qd4 31. Rd1 Qg7 32. Qf4 h6 33. Rg3
Re5 34. Rc1 Rh5 35. Rc6 Qe5 36. Qxe5+ Rxe5 37. Bxf7 Rxf7 38. Rgxg6 Rxe4 39.
Rxh6+ Rh7 40. Rxh7+ Kxh7 41. Rc7+ Kg6 42. Rxa7 Rxh4+ 43. Kg1 Rb4 44. b3 Rd4 45.
Ra6 Rd6 46. a4 Kg5 47. a5 Rd1+ 48. Kf2 bxa5 49. Rxa5+ Kf4 50. Ra4+ Kg5 51. Rc4
Rd2+ 52. Kg1 Rb2 53. b4 Kf5 54. Kh2 Kg5 55. Kh3 Rb1 56. Rc5+ Kg6 57. b5 Kh6 58.
Kh4 Rh1+ 59. Kg4 Rb1 60. Rc6+ Kh7 61. b6 Kg7 62. Kf5 Rb5+ 63. Ke6 Kf8 64. Kd7
1-0

[Event "Int. Stuttgarter Stadtmeisterschaft A"]
[Site "Ditzingen"]
[Date "2014.05.30"]
[Round "3.3"]
[White "Bodrozic, Tomislav"]
[Black "Gutman, Lev"]
[Result "1-0"]
[WhiteElo "2258"]
[BlackElo "2453"]
[PlyCount "108"]
[EventDate "2014.??.??"]
[WhiteTeam "SF Birkenfeld"]
[BlackTeam "SV Lingen"]

1. e4 c5 2. Nf3 Nc6 3. d4 cxd4 4. c3 Nf6 5. e5 Nd5 6. Bc4 Nb6 7. Bb3 g6 8. cxd4
Bg7 9. O-O O-O 10. Bf4 d6 11. h3 dxe5 12. dxe5 Bf5 13. Nc3 Rc8 14. Qc1 Nd4 15.
Nxd4 Qxd4 16. Rd1 Qc5 17. Nd5 Nxd5 18. Qxc5 Rxc5 19. Rxd5 Rc6 20. Rad1 h6 21.
Rd8 Rc8 22. Rxf8+ Kxf8 23. h4 g5 24. hxg5 hxg5 25. Bxg5 Bxe5 26. Rd5 f6 27.
Bh6+ Ke8 28. f4 e6 29. Ba4+ Kf7 30. Rd7+ Kg6 31. fxe5 Kxh6 32. exf6 Kg6 33. f7
Be4 34. Bb3 Kf6 35. g4 Bg6 36. g5+ Kxg5 37. Bxe6 Kf6 38. Bb3 Kg7 39. Rxb7 a5
40. Kf2 Kf8 41. Be6 Rd8 42. Ke3 Kg7 43. Bc4 Rc8 44. Kd4 Rd8+ 45. Kc5 Rc8+ 46.
Kb5 a4 47. Kb4 Be4 48. Re7 Bg6 49. Ra7 Bc2 50. Ra5 Rb8+ 51. Kc3 Re8 52. Kb4
Rb8+ 53. Rb5 Ra8 54. Rg5+ Bg6 {Rest nicht lesbar} 1-0

[Event "Int. Stuttgarter Stadtmeisterschaft A"]
[Site "Ditzingen"]
[Date "2014.05.30"]
[Round "3.4"]
[White "Karpatchev, Aleksandr"]
[Black "Perske, Thore"]
[Result "0-1"]
[WhiteElo "2445"]
[BlackElo "2219"]
[PlyCount "64"]
[EventDate "2014.??.??"]
[WhiteTeam "SF Bad Mergentheim"]
[BlackTeam "Sfr.Heidesheim"]

1. e4 e6 2. d4 d5 3. Nd2 Nc6 4. Ngf3 Nf6 5. e5 Nd7 6. Bd3 f6 7. Ng5 Ndxe5 8.
dxe5 fxg5 9. Qh5+ g6 10. Bxg6+ Kd7 11. c4 Nxe5 12. Bc2 Qf6 13. O-O c6 14. Qe2
Bd6 15. b4 Ng6 16. Rb1 Nf4 17. Qe3 Qe5 18. Qxe5 Bxe5 19. Nf3 Bf6 20. Re1 dxc4
21. g3 Nd5 22. Bxg5 Bc3 23. Bd2 Bxd2 24. Nxd2 b5 25. Ne4 a5 26. a3 axb4 27.
axb4 Ra2 28. Bd1 Kc7 29. Ng5 h6 30. Ne4 e5 31. Bh5 Bf5 32. f3 Rha8 0-1

[Event "Int. Stuttgarter Stadtmeisterschaft A"]
[Site "Ditzingen"]
[Date "2014.05.30"]
[Round "3.5"]
[White "Piskur, Mitja"]
[Black "Dobosz, Henryk"]
[Result "1-0"]
[WhiteElo "2239"]
[BlackElo "2401"]
[PlyCount "59"]
[EventDate "2014.??.??"]
[BlackTeam "BG Buchen"]

1. e4 c5 2. Nf3 e6 3. d3 d5 4. Nbd2 Nc6 5. g3 Bd6 6. Bg2 Nge7 7. O-O Bc7 8.
exd5 Nxd5 9. Nb3 Bb6 10. c4 Nf6 11. Be3 Qe7 12. d4 cxd4 13. Nfxd4 Nxd4 14. Bxd4
Bxd4 15. Qxd4 Qc7 16. Rfd1 O-O 17. Qc5 Qxc5 18. Nxc5 Rb8 19. Nd3 b6 20. Ne5 Bb7
21. Nd7 Nxd7 22. Rxd7 Bxg2 23. Kxg2 Rfc8 24. Rad1 h5 25. Rxa7 Rxc4 26. Rdd7 Rf8
27. Rdb7 Rc2 28. Rxb6 Rd8 29. Rbb7 f5 30. Rxg7+ 1-0

[Event "Int. Stuttgarter Stadtmeisterschaft A"]
[Site "Ditzingen"]
[Date "2014.05.30"]
[Round "3.6"]
[White "Neyman, Igor"]
[Black "Aring, Gerd"]
[Result "1/2-1/2"]
[WhiteElo "2311"]
[BlackElo "2198"]
[PlyCount "84"]
[EventDate "2014.??.??"]
[WhiteTeam "Stuttgarter SF 1879"]
[BlackTeam "SV Nürtingen 1920"]

1. d4 d5 2. c4 dxc4 3. Nf3 a6 4. e3 b5 5. a4 Bb7 6. b3 e6 7. axb5 axb5 8. Rxa8
Bxa8 9. bxc4 bxc4 10. Bxc4 Nd7 11. O-O Ngf6 12. Nc3 Be7 13. d5 exd5 14. Nxd5
Nxd5 15. Bxd5 Bxd5 16. Qxd5 O-O 17. Bb2 Nf6 18. Qc4 Qc8 19. Rc1 c5 20. h3 Qf5
21. Ne5 Bd6 22. g4 Qe4 23. Nd7 Qf3 24. Bxf6 Bh2+ 25. Kf1 Re8 26. Qxc5 gxf6 27.
Qc6 Qxh3+ 28. Ke1 Rxe3+ 29. fxe3 Qxe3+ 30. Kf1 Qh3+ 31. Qg2 Qd3+ 32. Qe2 Qh3+
33. Qg2 Qd3+ 34. Qe2 Qh3+ 35. Ke1 Bg3+ 36. Kd1 Qh1+ 37. Kc2 Qc6+ 38. Kb1 Qxd7
39. Qc4 Kg7 40. Rc3 Be5 41. Rd3 Qb7+ 42. Kc2 Qc7 1/2-1/2

[Event "Int. Stuttgarter Stadtmeisterschaft A"]
[Site "Ditzingen"]
[Date "2014.05.30"]
[Round "3.7"]
[White "Bluma, Marcel"]
[Black "Raupp, Thomas"]
[Result "0-1"]
[WhiteElo "2100"]
[BlackElo "2310"]
[PlyCount "114"]
[EventDate "2014.??.??"]
[WhiteTeam "SC Ingersheim e.V."]
[BlackTeam "SC Eppingen"]

1. e4 c5 2. Nf3 Nc6 3. d4 cxd4 4. Nxd4 e5 5. Nb3 Nf6 6. Nc3 Bb4 7. Bc4 O-O 8.
Bg5 h6 9. Bh4 d6 10. Qd3 Be6 11. Bxe6 fxe6 12. O-O-O Qe7 13. Ne2 Rad8 14. c3
Ba5 15. f3 Bb6 16. Qc4 g5 17. Bg3 d5 18. exd5 exd5 19. Qd3 Qh7 20. h4 Qxd3 21.
Rxd3 e4 22. fxe4 dxe4 23. Rd6 Rxd6 24. Bxd6 Rc8 25. hxg5 hxg5 26. Bc5 Bxc5 27.
Nxc5 b6 28. Nb3 Kg7 29. Ng3 Kg6 30. Re1 Ne5 31. Kc2 Nd3 32. Rg1 Nf4 33. Nd2 g4
34. Nc4 e3 35. Re1 N6d5 36. Nd6 Rc6 37. Nde4 Nxg2 38. Rg1 Nh4 39. c4 Nf6 40.
Kd3 e2 41. Nxf6 Nf3 42. Nd5 Nxg1 43. Nf4+ Kf6 44. Ngxe2 Nxe2 45. Nxe2 Kg5 46.
b4 Kh4 47. Nd4 Rd6 48. c5 bxc5 49. bxc5 Rxd4+ 50. Kxd4 g3 51. Kd5 g2 52. c6
g1=Q 53. Kd6 Qg8 54. Kc7 Qxa2 55. Kb7 a5 56. c7 Qc4 57. Ka8 a4 0-1